[Event "GER-chT U12"]
[Site "Verden"]
[Date "2000.12.30"]
[Round "7.4"]
[White "Glaesser, Tim"]
[Black "Haupert, Alexander"]
[Result "1/2-1/2"]
[WhiteElo "462"]
[BlackElo "364"]
[PlyCount "35"]
[EventDate "2000.12.26"]
[EventType "team"]
[EventRounds "7"]
[EventCountry "GER"]
[SourceTitle "EXT 2008"]
[Source "ChessBase"]
[SourceDate "2007.11.25"]
[SourceVersion "1"]
[SourceVersionDate "2007.11.25"]
[SourceQuality "1"]
[WhiteTeam "Rossdorf U12"]
[BlackTeam "Schiffweiler U12"]
[WhiteTeamCountry "GER"]
[BlackTeamCountry "GER"]

1. e4 e5 2. Nf3 Nc6 3. Bb5 Nf6 4. Nc3 d6 5. 0-0 Bg4 6. d3 a6 7. Bxc6+ bxc6 8. Bg5 Bxf3 9. Qxf3 Be7 10. Bxf6 Bxf6 11. h3 0-0 12. Ne2 d5 13. Rfd1 dxe4 14. dxe4 Qe7 15. Qc3 c5 16. Ng3 g6 17. Rd5 Rfd8 18. Rxc5 1/2-1/2